Culture Générale - Série 2034 - Statistiques

Statistiques générales
  • Ce quiz a été pris 125 fois
  • Le résultat moyen est 3 sur 10
Statistiques - réponses
Question Réponse % Correct
Pâtisserie et dessert traditionnel de la cuisine italienne ( littéralement « tire-moi vers le haut », « remonte-moi le moral ») tiramisu
95%
Dans quelle ville française se déroule chaque année le festival international de la bande dessinée ? Angoulême
87%
Quel minéral est appelé " pierre à feu " ? silex
52%
Façon de placer le texte d'un dialogue dans une case de bande dessinée, synonyme de bulle - 10 lettres commençant par " p " - voir photo phylactère
25%
Le grain de sénevé est un grain de .... moutarde
19%
Durant la seconde guerre mondiale, l'escadrille constituée de pilotes français et russes s'appelait " Normandie ... Niémen
19%
Comment s'appelait le clochard incarné par Jean Gabin dans le film de Gilles Grangier de 1959 ? Archimède
9%
Dans la mythologie grecque, c'est une nymphe des montagnes - 6 lettres commençant par " o " oréade
8%
La guède est une espèce de plantes herbacées appelée le "pastel des .... teinturiers
4%
Fine toile de lin utilisée pour la confection de la lingerie linon
1%
Aucun quiz correspondant
Distribution des résultats
% des personnes avec chaque résultat
Percentile par nombre de réponses
Votre historique - résultats
Vous n’avez pas pris ce quiz